00366nam a2200145Ia 4500008004100000020001800041041000800059082001800067100002200085245002200107250000600129260004100135300001300176650003100189210716s2015 xx 000 0 und d a9788126541720 aeng a005.3002 WALJ aWalkenbach, John. aExcel 2013 bible. a1 aNew DelhibWiley India Pvt Ltdc2015 axli,1012 aMicrosoft Windows(005.269)